00809nam a2200241Ia 450000500170000000800370001702000180005410000240007224500720009625000220016830000260019065000360021665000400025265000390029265000360033165000340036726400320040133600270043333700330046033800280049304000350052108400110055620220317001442.0161108s2014 mx g 000 f s a97860711305251 aVolpi, Jorged1968-10aMemorial del engañocJ. Volpi ; traducción de Gustavo Izquierdo aPrimera edición a430 páginasc 24 cm142LEMBaNovela mexicanaySiglo XX142LEMBaLiteratura mexicanaySiglo XX142LEMBaCapitalismo en la literatura142LEMBaNegocios en la literatura142LEMBaFraude en la literatura aMéxicobAlfaguarac[2014] atextobtxt2rdacontent asin mediaciónbn2rdamedia avolumenbnc2rdacarrier aCO-BoRNBPbspaerdacCO-BoRNBP aN VOL2